BEATIFICATIONIS ET CANONIZATIONIS FR. DIDACI ODDI. LAICI PROFESSI ORDINIS FRATRUUM MINORUM. (Record n. 268486)
[ formato base ]
| 000 -LEADER | |
|---|---|
| fixed length control field | 01275nam a2200229Ia 4500 |
| 001 - CONTROL NUMBER | |
| control field | L235-9310 |
| 003 - CONTROL NUMBER IDENTIFIER | |
| control field | IT-CnALBA |
| 008 - FIXED-LENGTH DATA ELEMENTS--GENERAL INFORMATION | |
| fixed length control field | 170116s9999||||xx |||||||||||||| ||und|| |
| 040 ## - CATALOGING SOURCE | |
| Original cataloging agency | IT-CnALBA |
| Transcribing agency | IT-CnALBA |
| 041 ## - LANGUAGE CODE | |
| Language code of text/sound track or separate title | LATINO - MULTILINGUE |
| 999 ## - SYSTEM CONTROL NUMBERS (KOHA) | |
| Koha Dewey Subclass [OBSOLETE] | NO |
| 100 ## - MAIN ENTRY--PERSONAL NAME | |
| Personal name | NULLIUS SUBLACEN. |
| 245 #0 - TITLE STATEMENT | |
| Title | BEATIFICATIONIS ET CANONIZATIONIS FR. DIDACI ODDI. LAICI PROFESSI ORDINIS FRATRUUM MINORUM. |
| 250 ## - EDITION STATEMENT | |
| Edition statement | 1a ed. |
| 260 ## - PUBLICATION, DISTRIBUTION, ETC. (IMPRINT) | |
| Place of publication, distribution, etc. | ROMA |
| Name of publisher, distributor, etc. | BELLI E GUERRA TIPOGRAFIA |
| Date of publication, distribution, etc. | 1960 [1° Ed.:1960 - Ed.Ling.Originale: 1960] |
| 300 ## - PHYSICAL DESCRIPTION | |
| Extent | 266 p. |
| 500 ## - GENERAL NOTE | |
| General note | FRATEL DIEGO ODDI. CONGREGAZIONE DEI RITI. RELATORE MICARA CLEMENTE CARDINALE. ESAME SULLA INTRODUZIONE DELLA CAUSA. INFORMAZIONE. TESTIMONI. SOMMARIO. LETTERA POSTULATORIA. DECRETO SULLA REVISIONE DEGLI SCRITTI. OBIEZIONI DEL PROMOTORE DELLA FEDE. RISPOS |
| 501 ## - WITH NOTE | |
| With note | Società San Paolo EM - Piazza San Paolo, 14 - 12051 ALBA (CN) (non commercial uses only) ® Copyright 2017 |
| 520 ## - SUMMARY, ETC. | |
| Summary, etc. | FRATEL DIEGO ODDI. CONGREGAZIONE DEI RITI. RELATORE MICARA CLEMENTE CARDINALE. ESAME SULLA INTRODUZIONE DELLA CAUSA. INFORMAZIONE. TESTIMONI. SOMMARIO. LETTERA POSTULATORIA. DECRETO SULLA REVISIONE DEGLI SCRITTI. OBIEZIONI DEL PROMOTORE DELLA FEDE. RISPOS |
| 650 ## - SUBJECT ADDED ENTRY--TOPICAL TERM | |
| Topical term or geographic name as entry element | MARIA SS. ANGELI SANTI DEMONI |
| 942 ## - ADDED ENTRY ELEMENTS (KOHA) | |
| Koha item type | LIBRO |
| 957 ## - | |
| -- | 1 |
| 999 ## - SYSTEM CONTROL NUMBERS (KOHA) | |
| -- | Copie: 1 |
| Withdrawn status | Lost status | Damaged status | Not for loan | Home library | Current library | Date acquired | Total Checkouts | Full call number | Date last seen | Price effective from | Koha item type | Public note |
|---|---|---|---|---|---|---|---|---|---|---|---|---|
| Buone Condizioni | Not For Loan | ALBA - Biblioteca | ALBA - Biblioteca | 16/01/2017 | L235-9310 | 16/01/2017 | 16/01/2017 | LIBRO | (data import: 16 gennaio 2017) - By Epidotti, Vaglietti. |